000 00670nam a2200205 a 4500
005 20240912063914.0
008 040114s2002 es r 000 0 spa d
020 _a8471977362
035 _aUPN01000131269
049 _aCG
050 4 _aLB2396
_bC6.4
245 0 4 _aLas competencias del profesorado para la acción tutorial /
_cMargarida Ballesteros ... [et al.].
260 _aBilbao, Esp. :
_bCISSPRAXIS,
_c2002.
300 _a147 p. :
_bil.
440 0 _aEducación al día.
_pDidáctica y pedagogía
650 4 _aTutores (Educación)
_95717
650 4 _aEducación basada en competencias
_913564
700 1 _aBallesteros, Margarida,
_ecoaut.
905 _aLibro
999 _c103424
_d103424